Standardization and technology transfer of watershed research and management techniques, practices and terminologies

Wedi'i Gadw mewn:
Manylion Llyfryddiaeth
Fformat: Llyfr
Iaith:Undetermined
Cyhoeddwyd: Philippines Asean-US Watershed Project 1989
Pynciau:
Tagiau: Ychwanegu Tag
Dim Tagiau, Byddwch y cyntaf i dagio'r cofnod hwn!
Thư viện lưu trữ: Trung tâm Học liệu Trường Đại học Cần Thơ
LEADER 00539nam a2200157Ia 4500
001 CTU_38959
008 210402s9999 xx 000 0 und d
082 |a 631.7 
082 |b S785 
245 0 |a Standardization and technology transfer of watershed research and management techniques, practices and terminologies 
260 |a Philippines 
260 |b Asean-US Watershed Project 
260 |c 1989 
650 |a water - conservation,water - management 
904 |i Liên, 000519 
980 |a Trung tâm Học liệu Trường Đại học Cần Thơ